| 000 | 00406nam a2200157Ia 4500 | ||
|---|---|---|---|
| 008 | 210210b1992 xxu||||| |||| 00| 0 eng d | ||
| 020 | _a047159587X | ||
| 082 | _a576.15 MITE | ||
| 100 | _aMITCHELL (Ralph). | ||
| 245 | _aEnvironmental microbiology. | ||
| 260 |
_aNew York. _bWiley-Liss _c1992 |
||
| 300 | _axi,411 | ||
| 650 | _aMicrobiology Environmental | ||
| 690 | _aMicrobiology | ||
| 906 | _a053148 | ||
| 999 |
_c101307 _d101307 |
||